| Tag |
First Indicator |
Second Indicator |
Subfields |
| LEADER |
00000cam a2200000Mi 4500 |
| 001 |
in00004040321 |
| 006 |
m o d |
| 007 |
cr unu---aa||| |
| 008 |
180205s2018 vraa ob 001 0 eng |
| 005 |
20221130132932.5 |
| 020 |
|
|
|a 9781486303489
|q electronic book
|
| 020 |
|
|
|a 148630348X
|q electronic book
|
| 020 |
|
|
|z 9781486303496
|
| 020 |
|
|
|z 1486303498
|
| 024 |
8 |
|
|a 99979668237
|
| 035 |
|
|
|a (NhCcYBP)ebc5216599
|
| 035 |
|
|
|a in00004040321
|
| 040 |
|
|
|a NhCcYBP
|c NhCcYBP
|d UtOrBLW
|
| 042 |
|
|
|a anuc
|
| 050 |
|
4 |
|a TN291
|b .G85 2018
|
| 082 |
0 |
4 |
|a 622/.292
|2 23
|
| 245 |
0 |
0 |
|a Guidelines for open pit slope design in weak rocks /
|c editors, Derek Martin and Peter Stacey.
|
| 264 |
|
1 |
|a Clayton, South VIC, Australia :
|b CSIRO Publishing,
|c [2018]
|
| 300 |
|
|
|a 1 online resource.
|
| 336 |
|
|
|a text
|b txt
|2 rdacontent
|
| 337 |
|
|
|a computer
|b c
|2 rdamedia
|
| 338 |
|
|
|a online resource
|b cr
|2 rdacarrier
|
| 504 |
|
|
|a Includes bibliographical references and index.
|
| 588 |
|
|
|a Description based on online resource; title from digital title page (viewed on February 12, 2018).
|
| 500 |
|
|
|a Electronic resource.
|
| 650 |
|
0 |
|a Strip mining.
|0 http://id.loc.gov/authorities/subjects/sh85129129
|
| 650 |
|
0 |
|a Slopes (Soil mechanics)
|0 http://id.loc.gov/authorities/subjects/sh85123461
|
| 650 |
|
0 |
|a Landslides.
|0 http://id.loc.gov/authorities/subjects/sh85074477
|
| 655 |
|
7 |
|a Electronic books.
|2 local
|
| 700 |
1 |
|
|a Martin, Derek,
|e editor.
|0 http://id.loc.gov/authorities/names/no2007041214
|
| 700 |
1 |
|
|a Stacey, Peter,
|d 1942-
|e editor.
|0 http://id.loc.gov/authorities/names/nb2010006668
|
| 710 |
2 |
|
|a ProQuest (Firm)
|0 http://id.loc.gov/authorities/names/n2007068018
|
| 856 |
4 |
0 |
|u https://ebookcentral.proquest.com/lib/tamucs/detail.action?docID=5216599
|z Connect to the full text of this electronic book
|t 0
|
| 945 |
|
|
|a machinegen
|
| 955 |
|
|
|a YBP purchased DDA e-records
|
| 980 |
|
|
|b 220.43
|g 1
|
| 987 |
|
|
|a ybp15091676
|
| 999 |
f |
f |
|s a0b93224-92f6-4347-988b-0915c32f665d
|i 4d9e5f2b-fc9b-3583-a1f1-2af8dd1e2011
|t 0
|
| 952 |
f |
f |
|a Texas A&M University
|b College Station
|c Electronic Resources
|d Available Online
|t 0
|e TN291 .G85 2018
|h Library of Congress classification
|
| 998 |
f |
f |
|a TN291 .G85 2018
|t 0
|l Available Online
|